Представление документа в формате RUSMARC

ПолеНазваниеЗначение
  Тип записи a
  Библиографический уровень a
001 Контрольный номер RU/CBS_UL/BASE/2e4567c4a0af473da1b805c960dccb8d
005 Дата корректировки 20240322102856.2
100 Данные общей обработки __
a Данные общей обработки 20240322 ||| 0rusy0189 ca
101 Язык документа 0_
a Язык текста rus
102 Страна публикации __
a Страна публикации RU
200 Заглавие и сведения об ответственности 1_
a Заглавие Конспект занятия по познавательному развитию детей старшего дошкольного возраста с интеллектуальными нарушениями по теме "Игрушки"
f Первые сведения об ответственности М. Ижбулдина
300 Общие примечания __
a Общие примечания 0+
461 Уровень набора _0
1 2000
a Дошкольная педагогика
463 Уровень физической единицы _0
1 2000
a № 10
v С. 22-24
1 2101
d 2023
1 001RU/CBS_UL/BASE/d907b02e1ad94eb394cc34d355b74a1c
606 Тематические рубрики 0_
a Основная рубрика Дошкольное воспитание - Коррекционная педагогика
610 Ключевые слова 0_
a Ключевые слова дошкольная педагогика
610 Ключевые слова 0_
a Ключевые слова дошкольное воспитание
610 Ключевые слова 0_
a Ключевые слова коррекционная педагогика
610 Ключевые слова 0_
a Ключевые слова интеллектуальные нарушения у детей
610 Ключевые слова 0_
a Ключевые слова познавательное развитие дошкольников
610 Ключевые слова 0_
a Ключевые слова дети с интеллектуальными нарушениями
610 Ключевые слова 0_
a Ключевые слова развитие детей с интеллектуальными нарушениями
686 Индексы других классификаций __
2 Код системы rubbk
a Классификационный индекс 74.3
700 Автор _1
a Фамилия Ижбулдина
b Имя (инициалы) М.
801 Источник записи _0
a Страна RU
b Организация МБУК ЦБС г. Ульяновска
c Дата составления 20240322
g Правила каталогизации RCR
801 Источник записи _1
a Страна RU
b Организация МБУК ЦБС г. Ульяновска
c Дата составления 20240322
g Правила каталогизации RCR
901 Тип документа __
t Тип документа b
w Контрольный № источника RU/CBS_UL/BASE/d907b02e1ad94eb394cc34d355b74a1c
909 Создатель записи __
a Создатель записи oibd1